02879nam a2200385 i 4500001001000000003000900010005001700019007000300036008004100039020001800080040003000098041000800128082001900136100004500155245010700200264009200307300005200399336002700451337003500478338003100513490004000544500003400584500005000618500009100668504003800759505101700797590002701814700004901841942001401890952014601904952014002050952014602190952014002336999001702476000042232DO-SdBNP20251114101555.0ta131120s2013 dr 001 0 spa d a9789945074871 aDO-SdBNPbspacBNPHUerda aspa 4axxxbA162g2221 aAbreu Cardet, Joséeautor9626654aut.10aGuerras de liberación en el Caribe hispano 1863-1878 /cJosé Abreu Cardet, Luis Álvarez-López. 4aSanto Domingo, República Dominicana :bArchivo General de la Nación,bBúhoc2013. a262 páginas bilustraciones, mapas ; c23 cm. atextobtxt2rdacontent asin mediación bn2rdamedia  avolumen bnc2rdacarrier 0 aArchivo General de la Naciónv193 aIncluye índice onomástico aIncluye notas y referencias a pie de página aIncluye datos biografícos de los autores en la solapa de la portada y contraportada. aBibliografía: páginas 237-243 aPrefacio, 9.-- El Caribe hispano: República Dominicana, Cuba y Puerto Rico, 15.-- Santo Domingo, Cuba y Puerto Rico en el contexto internacional, 45.-- Puerto Rico, Cuba y Santo Domingo: el huracán de la expansión territorial norteamericana, 61.-- Las guerras en las Antillas franco-españolas, 67.-- El gran contrapunteo entre la República Dominicana y Cuba, 81.-- La Anexión: circunstancias y tendencias, 87.-- Conspiración y alzamiento, 91.-- Las primeras operaciones militares, 101.-- Cantidad de combatientes, 113.-- Armas y vituallas, 121.-- Los mambises cubanos: armas y vituallas, 135.-- La guerra de guerrillas, 143.-- La naturaleza y la guerra, 155.-- La voz del silencio, 161.-- Cambronal: los olvidos, 169.-- Un barrio cubano, 185.-- La virgen se va a la guerra, 193.-- Contrarrevolución, 199.-- Las fuerzas contrarrevolucionarias cubanas, 213.-- Ocupación del terreno, 225.-- La influencia de la Guerra Restauradora en Cuba, 229.-- Bibliografía, 237.-- Índice onomástico, 245. aInventariado, 2025 /LP1 aÁlvarez, López, Luiseautor9449984aut. 2ddccLBS1 00102ddc56708DSaBNPHUbBNPHUcCTd2013-11-20eDepósito Legall0oxxx A162gp42232-30r2020-06-25te. 3w2020-06-25yLBS1ZNo se presta 00102ddc51708PDaBNPHUbBNPHUcCTd2013-11-20eDepósito Legall0oxxx A162gp42232-10r2020-06-25w2020-06-25yLBS1ZNo se presta 00102ddc51708PDaBNPHUbBNPHUcCTd2013-11-20eDepósito Legall0oxxx A162gp42232-20r2020-06-25te. 2w2020-06-25yLBS1ZNo se presta 00102ddc56708DSaBNPHUbBNPHUcCTd2025-10-13eDonado por Tena Reyes l0oxxx A162gp2025-13100r2025-11-14te. 4w2025-11-14yLBS1 c41721d41721